Ich (1871-1936) : autobiographische Skizze /
Saved in:
| Main Author: | |
|---|---|
| Other Authors: | , |
| Format: | Book |
| Language: | German |
| Published: |
Bielefeld :
Aisthesis,
c2003.
|
| Series: | Aisthesis Archiv ;
Bd. 3. |
| Subjects: | |
| Tags: |
Add Tag
No Tags, Be the first to tag this record!
|
| LEADER | 01240cam a2200337 a 4500 | ||
|---|---|---|---|
| 001 | 009197874-2 | ||
| 005 | 20040816081300.0 | ||
| 008 | 030502s2003 gw b 001 0ager c | ||
| 020 | |a 3895283940 (pbk.) | ||
| 035 | 0 | |a ocm52188530 | |
| 040 | |a OHX |c OHX |d CGU |d WAU | ||
| 042 | |a pcc | ||
| 043 | |a e-gx--- | ||
| 050 | 4 | |a PT2611.R657 |b Z486 2003 | |
| 072 | 7 | |a B |2 lcco | |
| 072 | 7 | |a PT |2 lcco | |
| 100 | 1 | |a Friedlaender, Salomo, |d 1871-1946. | |
| 245 | 1 | 0 | |a Ich (1871-1936) : |b autobiographische Skizze / |c Salomo Friedländer/Mynona ; aus dem Nachlass herausgegeben von Hartmut Geerken ; mit einführenden Essays von Hartmut Geerken und Detlef Thiel. |
| 260 | |a Bielefeld : |b Aisthesis, |c c2003. | ||
| 300 | |a 151 p. ; |c 21 cm. | ||
| 490 | 1 | |a Aisthesis Archiv ; |v Bd. 3 | |
| 504 | |a Includes bibliographical references and index. | ||
| 600 | 1 | 0 | |a Friedlaender, Salomo, |d 1871-1946. |
| 650 | 0 | |a Authors, German |y 20th century |v Biography. | |
| 655 | 7 | |a Biography. |2 fast | |
| 700 | 1 | |a Geerken, Hartmut. | |
| 700 | 1 | |a Thiel, Detlef, |d 1957- | |
| 776 | 0 | 8 | |i Online version: |a Friedlaender, Salomo, 1871-1946. |t Ich (1871-1936). |d Bielefeld : Aisthesis, ©2003 |w (OCoLC)616151830 |
| 830 | 0 | |a Aisthesis Archiv ; |v Bd. 3. | |
| 988 | |a 20040813 | ||
| 906 | |0 OCLC | ||


